| 000 -LEADER |
| fixed length control field |
00374cam a22001097a 4500 |
| 008 - FIXED-LENGTH DATA ELEMENTS--GENERAL INFORMATION |
| fixed length control field |
180718b1938 xxu||||| |||| 00| 0 eng d |
| 082 ## - DEWEY DECIMAL CLASSIFICATION NUMBER |
| Classification number |
B7x5421 Ut8r |
| 100 ## - MAIN ENTRY--PERSONAL NAME |
| Personal name |
United Provinces. Local Self-Government Expert Committee |
| 245 ## - TITLE STATEMENT |
| Title |
Report of the Local Self-Government Expert Committee |
| 260 ## - PUBLICATION, DISTRIBUTION, ETC. |
| Place of publication, distribution, etc. |
Allahabad |
| Name of publisher, distributor, etc. |
Superintendent, Printing and Stationery |
| Date of publication, distribution, etc. |
1938 |
| 300 ## - PHYSICAL DESCRIPTION |
| Extent |
94p. |